header

The United States of Appalachia (Record no. 174659)

MARC details
000 -LEADER
fixed length control field 01882nam a2200409 a 4500
082 04 - DEWEY DECIMAL CLASSIFICATION NUMBER
Classification number 975
100 1# - MAIN ENTRY--AUTHOR NAME
Personal name Biggers, Jeff,
245 14 - TITLE STATEMENT
Title The United States of Appalachia
260 ## - PUBLICATION, DISTRIBUTION, ETC. (IMPRINT)
Place of publication [Emeryville, Calif.] :
Name of publisher Shoemaker & Hoard :
-- Distributed by Publishers Group West,
Year of publication c2006.
300 ## - PHYSICAL DESCRIPTION
Number of Pages xv, 238 p. :
Other physical details map.
505 0# - FORMATTED CONTENTS NOTE
Formatted contents note The trail of words -- The first Washington, D.C. -- Down from the mountain -- The emancipators -- All the news that's fit to print -- The great American industrial saga -- We shall overcome.
650 #0 - SUBJECT ADDED ENTRY--TOPICAL TERM
Topical Term Appalachians (People)
Topical Term Appalachians (People)
Topical Term Appalachians (People)
856 40 - ELECTRONIC LOCATION AND ACCESS
Uniform Resource Identifier http://site.ebrary.com/lib/rucke/Doc?id=10320143

No items available.

© 2026 Rongo University
Contact us: librarian | system librarian | Rongo university